Projected Populations of Cities in Washington >50,000 People (2030) - Statistics

General Stats
  • This quiz has been taken 16 times
  • The average score is 20 of 27
Answer Stats
Hint Answer % Correct
181,737 Bellevue
100%
181,728 Kent
100%
866,725 Seattle
100%
249,158 Spokane
100%
240,478 Tacoma
100%
220,335 Vancouver
100%
102,885 Yakima
100%
102,150 Bellingham
88%
118,287 Everett
88%
112,816 Federal Way
88%
64,837 Olympia
88%
116,299 Spokane Valley
88%
104,537 Auburn
75%
93,979 Kennewick
75%
136,855 Kirkland
75%
81,527 Marysville
75%
94,694 Pasco
75%
122,787 Renton
75%
73,223 Richland
75%
89,594 Sammamish
75%
69,084 Lakewood
63%
71,260 Burien
50%
92,701 Redmond
50%
64,826 Lacey
38%
63,118 Bothell
25%
64,255 Shoreline
25%
77,153 South Hill
13%
No matching quizzes found
Score Distribution
Percent of People with Each Score
Percentile by Number Answered
Your Score History
You have not taken this quiz